| 000 -LEADER |
| fixed length control field |
00668cam a2200217Ka 4500 |
| 020 ## - INTERNATIONAL STANDARD BOOK NUMBER |
| ISBN |
9789251060032 |
| 020 ## - INTERNATIONAL STANDARD BOOK NUMBER |
| ISBN |
9251060037 |
| 022 ## - INTERNATIONAL STANDARD SERIAL NUMBER |
| ISSN |
16848241 |
| 040 ## - CATALOGING SOURCE |
| Transcribing agency |
TULAW |
| 082 ## - DEWEY DECIMAL CLASSIFICATION NUMBER |
| Classification number |
FAO RAP 2008 C136 Or. |
| 245 00 - TITLE STATEMENT |
| Title |
Rapid Agricultural Disaster Assessment Routine (RADAR) : |
| Remainder of title |
Andrea Borgia ... [et al.] |
| 246 3# - VARYING FORM OF TITLE |
| Title proper/short title |
RADAR |
| 300 ## - PHYSICAL DESCRIPTION |
| Number of Pages |
x, 77 pages : |
| Other physical details |
illustrations, maps (some color) ; |
| Dimensions |
25 cm |
| 650 #0 - SUBJECT ADDED ENTRY--TOPICAL TERM |
| Topical Term |
Agricultural productivity |
| 650 #0 - SUBJECT ADDED ENTRY--TOPICAL TERM |
| Topical Term |
Emergency management. |
| 650 #0 - SUBJECT ADDED ENTRY--TOPICAL TERM |
| Topical Term |
Disaster relief. |
| 650 #0 - SUBJECT ADDED ENTRY--TOPICAL TERM |
| Topical Term |
Natural disasters. |
| 700 1# - ADDED ENTRY--PERSONAL NAME |
| Personal name |
Borgia, Andrea. |
| 710 2# - ADDED ENTRY--CORPORATE NAME |
| Corporate name or jurisdiction name as entry element |
Food and Agriculture Organization of the United Nations. |
| 942 ## - ADDED ENTRY ELEMENTS (KOHA) |
| Koha item type |
ADB |
| 952 ## - LOCATION AND ITEM INFORMATION (KOHA) |
| Withdrawn status [LOCAL, KOHA] |
0 |
| 952 ## - LOCATION AND ITEM INFORMATION (KOHA) |
| Withdrawn status [LOCAL, KOHA] |
0 |
| 952 ## - LOCATION AND ITEM INFORMATION (KOHA) |
| Withdrawn status [LOCAL, KOHA] |
0 |
| 952 ## - LOCATION AND ITEM INFORMATION (KOHA) |
| Withdrawn status [LOCAL, KOHA] |
0 |